Building big profits in real estate (Бичлэгийн дугаар. 145245)
| 000 -УДИРДЛАГА | |
|---|---|
| Удирдлага | 01229nam a22002657a 4500 |
| 003 - ХЯНАЛТЫН ТОО ТОДОРХОЙЛОГЧ | |
| Код | MN-UlNUM |
| 005 - БИЧИЛТ ХИЙСЭН ОГНОО | |
| Тухайн бичилтийг бичсэн засварласан сүүлийн огноо | 20251104092946.0 |
| 008 - ЕРӨНХИЙ МЭДЭЭЛЭЛ | |
| Ерөнхий мэдээлэл | 251104s2004 nju||||| |||| 001 0 eng d |
| 020 ## - ISBN | |
| ISBN | 0471646903 |
| 040 ## - БИЧЛЭГ ҮҮСГЭГЧ БАЙГУУЛЛАГА | |
| Бичлэг үүсгэгч номын сангийн код | МУИС-ийн номын сан |
| 084 ## - ББК АНГИЛАЛ | |
| Нэмэлт тусгалт | Нэг сэдэвт бүтээл |
| ББК ангилал | 65.268 |
| Зохиогчийн гурван тэмдэгт | T 58 |
| Мэдлэгийн ялгаа | 65 - Эдийн засаг |
| 100 1# - ЗОХИОГЧ | |
| Зохиогчийн нэр | Timmerson, Wade, |
| 245 10 - ҮНДСЭН ГАРЧИГ | |
| Номын нэр | Building big profits in real estate |
| Бага гарчгийн мэдээ | a guide for the new investor |
| Оролцогчдын тухай мэдээ | Wade Timmerson and Suzanne Caplan |
| 260 ## - ГАРАЛТЫН МЭДЭЭ | |
| Хэвлэгдсэн газар | Hoboken, N.J. : |
| Хэвлэлийн газар | J. Wiley, |
| Хэвлэгдсэн он | 2004. |
| 300 ## - МАТЕРИАЛЫН ТОДОРХОЙЛОЛТ | |
| хуудасны тоо | xiii, 256 p. : |
| Бусад тоон мэдээлэл | ill. ; |
| Хэмжээ | 23 cm. |
| 500 ## - Тайлбар | |
| Дансны дугаар | БС 1889-1890 |
| 505 0# - Агуулгын тэмдэглэгээ | |
| Агуулгын тэмдэглэгээ | Stranger in a strange land -- Different players, different games -- Show me the money -- Retailing -- Landlording -- Section 8 rentals -- The wholesale game -- Doing well by doing good -- One man's misery -- Locating the hidden seller -- Going for broke -- Finding qualified contractors -- Appraisers, agents and other professionals -- The closing process -- Keeping the score -- Know when to hold them and know when to fold them -- Building an empire -- Follow your gut |
| 546 ## - ХЭЛНИЙ ТУХАЙ МЭДЭЭ | |
| Хэл | Англи хэл дээр, |
| 653 ## - Түлхүүр үг | |
| Түлхүүр үг | real estate investment. |
| 653 ## - Түлхүүр үг | |
| Түлхүүр үг | real estate management. |
| 653 ## - Түлхүүр үг | |
| Түлхүүр үг | rental housing |
| 700 1# - ХАМ ЗОХИОГЧИД | |
| Ба бус | Caplan, Suzanne. |
| 942 ## - ЭЛЕМЕНТИЙН ТӨРӨЛ | |
| Зүйлийн төрөл | Ном |
